00713nam a2200169Ia 4500001001000000003000500010008004100015010001100056040000900067100003700076245019900113260003400312300001000346502010600356650003100462710005000493Para_8940CHAP220125s2005 xx 000 0 und d a207718 cCHAP aRaya Sánchez, Ramiro Christian aIdentificación y control de las pudriciones de raíz y cuello de la nochebuena (Euphorbia pulcherrima Willd. Ex Klotzsch.) en Xochimilco, D.F. México /c por Ramiro Christian Raya Sánchez aChapingo, Méx. :b el autor a62 h. aTesis (Ing. Agr. Esp. en Parasitología Agrícola) -- UACh. Departamento Parasitología Agrícola aNochebuena x enfermedades aUACh. Departamento Parasitología Agrícola